পবিত্র কুরআন প্রচারের ইতিহাস ‍ও বঙ্গানুবাদের শতবর্ষ/ (Record no. 18006)

MARC details
000 -LEADER
fixed length control field 01152nam a22002177a 4500
003 - CONTROL NUMBER IDENTIFIER
control field BDDh-ASL
005 - DATE AND TIME OF LATEST TRANSACTION
control field 20231015025652.0
008 - FIXED-LENGTH DATA ELEMENTS--GENERAL INFORMATION
fixed length control field 200916b1997 ||||| b||| 001 0 d
020 ## - INTERNATIONAL STANDARD BOOK NUMBER
International Standard Book Number 9840735136
040 ## - CATALOGING SOURCE
Original cataloging agency BDDh-ASL
Transcribing agency BDDh-ASL
Modifying agency BDDh-ASL
041 ## - LANGUAGE CODE
Language code of text/sound track or separate title bengali
082 ## - DEWEY DECIMAL CLASSIFICATION NUMBER
Classification number 297.122591
Item number KHP
100 ## - MAIN ENTRY--PERSONAL NAME
9 (RLIN) 843
Personal name খান, মোফাখখার হুসেই
245 1# - TITLE STATEMENT
Title পবিত্র কুরআন প্রচারের ইতিহাস ‍ও বঙ্গানুবাদের শতবর্ষ/
Statement of responsibility, etc. মোফাখখার হুসেইন খান।
246 ## - VARYING FORM OF TITLE
Title proper/short title Pabitra Quran Prachaarer Itihaas-O-Bangaanubaader Shatabarsha.
260 ## - PUBLICATION, DISTRIBUTION, ETC.
Place of publication, distribution, etc. ঢাকা:
Name of publisher, distributor, etc. বাংলা একাডেমী,
Date of publication, distribution, etc. ১৯৯৭
300 ## - PHYSICAL DESCRIPTION
Extent সতর, ৩৪০ পৃষ্ঠা:
Dimensions ২১ সে. মি.।
504 ## - BIBLIOGRAPHY, ETC. NOTE
Bibliography, etc. note গ্রন্থপঞ্জি ও নির্ঘন্ট সংযুক্ত।
650 #0 - SUBJECT ADDED ENTRY--TOPICAL TERM
9 (RLIN) 844
Topical term or geographic name entry element কুরআন প্রচারের ইতিহাস
General subdivision ইসলাম ধর্ম
-- কুরআনের বঙ্গানুবাদের ইতিহাস
942 ## - ADDED ENTRY ELEMENTS (KOHA)
Source of classification or shelving scheme Dewey Decimal Classification
Koha item type Books
Holdings
Withdrawn status Lost status Source of classification or shelving scheme Damaged status Not for loan Collection code Home library Current library Shelving location Date acquired Source of acquisition Total Checkouts Full call number Barcode Date last seen Copy number Price effective from Koha item type
    Dewey Decimal Classification   Not For Loan Non-fiction Asiatic Society Library Asiatic Society Library General Stacks 09/16/2020 Complementary   297.122591 KHP 101151 09/16/2020 C-1 09/16/2020 Books

Powered by Koha